[Event "COMMONWEALTH CHESS CHAMPIONSHI"]
[Site "Nagpur,India"]
[Date "2008.09.29"]
[Round "2.45"]
[White "Antonio, Viani D'cunha"]
[Black "Minhazuddin, Ahmed"]
[Result "0-1"]
[WhiteElo "2115"]
[BlackElo "2339"]
[PlyCount "108"]
[EventDate "2008.09.28"]
[Source "MonRoi"]

1. e4 e5 2. Nf3 Nf6 3. Nxe5 d6 4. Nf3 Nxe4 5. d4 d5 6. Bd3 Nc6 7. O-O Bg4 8. c4
Nf6 9. Nc3 Be7 10. cxd5 Nxd5 11. h3 Bh5 12. Be4 Nf6 13. Bxc6+ bxc6 14. g4 Bg6
15. Ne5 Qd6 16. f4 Ne4 17. Re1 Nxc3 18. bxc3 O-O 19. Nc4 Qd5 20. Ne3 Qe6 21.
Nc4 Qd5 22. Rxe7 Qxc4 23. f5 Qxc3 24. Bf4 Rae8 25. Rxe8 Rxe8 26. fxg6 hxg6 27.
Kg2 Qb2+ 28. Kh1 Re4 29. Be5 Re3 30. Qf1 Rxh3+ 31. Qxh3 Qxa1+ 32. Kh2 Qxa2+ 33.
Qg2 Qxg2+ 34. Kxg2 a5 35. Bxc7 a4 36. Bd6 f6 37. Kf3 Kf7 38. Ke3 Ke6 39. Bf8
Kd5 40. Kd3 f5 41. g5 Ke6 42. Bxg7 a3 43. Kc2 f4 44. Be5 Kf5 45. Kb3 Kg4 46. d5
cxd5 47. Kxa3 f3 48. Bd4 Kxg5 49. Kb3 Kf4 50. Kc3 g5 51. Kd3 g4 52. Ba7 Kg3 53.
Ke3 Kg2 54. Kf4 g3 0-1

[Event "COMMONWEALTH CHESS CHAMPIONSHI"]
[Site "Nagpur,India"]
[Date "2008.09.29"]
[Round "2.47"]
[White "Lalith, Babu M R"]
[Black "Gusain, Himal"]
[Result "1-0"]
[WhiteElo "2328"]
[BlackElo "2108"]
[PlyCount "89"]
[EventDate "2008.09.28"]
[Source "MonRoi"]

1. Nf3 d5 2. d4 e6 3. c4 c6 4. Qc2 dxc4 5. Qxc4 Nf6 6. Bg5 b5 7. Qc2 Bb7 8.
Nbd2 Nbd7 9. e3 a6 10. a4 Bb4 11. Be2 O-O 12. O-O Qb6 13. Qb3 c5 14. dxc5 Qxc5
15. Rac1 Qd6 16. Rfd1 Bd5 17. Qc2 Rac8 18. Qxc8 Rxc8 19. Rxc8+ Nf8 20. Bxf6
gxf6 21. Ne4 Qd7 22. Re8 Qb7 23. Nxf6+ Kg7 24. Nxd5 exd5 25. axb5 axb5 26. Re5
Be7 27. Rexd5 b4 28. b3 Qc7 29. Bc4 Bf6 30. Nd4 Bxd4 31. R1xd4 Ne6 32. Rd7 Qe5
33. R4d5 Qa1+ 34. Rd1 Qe5 35. h3 Kf6 36. Bxe6 fxe6 37. R1d4 Qc5 38. Rc4 Qa5 39.
Rb7 e5 40. Rcxb4 Qa1+ 41. Kh2 Qe1 42. R4b6+ Kg5 43. Rf7 Qa5 44. f4+ exf4 45.
exf4+ 1-0

[Event "COMMONWEALTH CHESS CHAMPIONSHI"]
[Site "Nagpur,India"]
[Date "2008.09.29"]
[Round "2.48"]
[White "Gahan, M G."]
[Black "Ramakrishna, J."]
[Result "0-1"]
[WhiteElo "2114"]
[BlackElo "2321"]
[PlyCount "118"]
[EventDate "2008.09.28"]
[Source "MonRoi"]

1. e4 c5 2. Nc3 e6 3. f4 a6 4. Nf3 Nc6 5. d3 d5 6. g3 Nf6 7. e5 d4 8. exf6 dxc3
9. bxc3 Qxf6 10. Bd2 Bd6 11. Bg2 O-O 12. O-O h6 13. Rb1 Rb8 14. Ne5 Nxe5 15.
fxe5 Qxe5 16. Kh1 c4 17. dxc4 Qc5 18. Be3 Qc7 19. Qd4 b5 20. Rfd1 Be5 21. Qc5
Bb7 22. Qxc7 Bxg2+ 23. Kxg2 Bxc7 24. cxb5 axb5 25. Rd7 Be5 26. Bd4 Bxd4 27.
Rxd4 Ra8 28. Rb2 Rfc8 29. Rdb4 Rxc3 30. Rxb5 Rac8 31. Rb8 Rxc2+ 32. Rxc2 Rxb8
33. Kf3 g5 34. Ke4 Kg7 35. Ke5 Rd8 36. g4 Rd5+ 37. Ke4 Ra5 38. h3 Ra3 39. Rh2
Kg6 40. Ke5 h5 41. gxh5+ Kxh5 42. Rf2 Kg6 43. Rh2 Ra7 44. Kd6 e5 45. Re2 f6 46.
Ke6 Ra6+ 47. Ke7 Ra4 48. Rf2 Rf4 49. Re2 Rf3 50. a4 f5 51. Rxe5 Rxh3 52. Re6+
Kh5 53. Kf6 f4 54. Re5 Re3 55. a5 Kh4 56. Rf5 Rc3 57. Ke6 Kg4 58. Rf8 Rc6+ 59.
Kd5 Ra6 0-1

[Event "COMMONWEALTH CHESS CHAMPIONSHI"]
[Site "Nagpur,India"]
[Date "2008.09.29"]
[Round "2.50"]
[White "Prince, Bajaj"]
[Black "Rahman, Md  Taibur"]
[Result "0-1"]
[WhiteElo "2111"]
[BlackElo "2307"]
[PlyCount "140"]
[EventDate "2008.09.28"]
[Source "MonRoi"]

1. e4 c5 2. Nf3 Nc6 3. d4 cxd4 4. Nxd4 e5 5. Nb5 d6 6. N1c3 a6 7. Na3 b5 8. Nd5
Nce7 9. c4 Nxd5 10. exd5 bxc4 11. Nxc4 Nf6 12. Be3 Rb8 13. Be2 Be7 14. a4 O-O
15. O-O Bb7 16. Nb6 Qe8 17. a5 Bd8 18. Bc4 Nd7 19. Qe2 Bxb6 20. Bxb6 Nxb6 21.
axb6 Qd8 22. Bxa6 Qxb6 23. Bxb7 Qxb7 24. Qa6 Rfd8 25. Qxb7 Rxb7 26. Ra2 Rdb8
27. Rfa1 Kf8 28. f3 Rb5 29. Ra5 Rxb2 30. Ra8 f5 31. Rxb8+ Rxb8 32. Ra6 Ke7 33.
Ra7+ Kf6 34. Ra6 Rd8 35. Kf2 Rd7 36. Ke3 Ke7 37. g4 f4+ 38. Kd3 Rc7 39. h4 Rc5
40. Ra7+ Kf6 41. g5+ Kg6 42. h5+ Kxg5 43. Rxg7+ Kf6 44. Rxh7 Rxd5+ 45. Ke2 Ra5
46. h6 Ra2+ 47. Ke1 Rh2 48. Kf1 Kg5 49. Rg7+ Kxh6 50. Rd7 Rd2 51. Ke1 Rd4 52.
Ke2 Kg6 53. Ra7 Kf5 54. Rf7+ Ke6 55. Ra7 Rb4 56. Ra6 Rb2+ 57. Ke1 Kd5 58. Ra4
Kc5 59. Kf1 d5 60. Ra5+ Kc4 61. Ra4+ Rb4 62. Ra5 Kd4 63. Ke2 Rb2+ 64. Ke1 e4
65. fxe4 dxe4 66. Ra4+ Kd3 67. Ra3+ Kc4 68. Ra4+ Rb4 69. Ra8 Kd4 70. Rd8+ Ke3
0-1

[Event "COMMONWEALTH CHESS CHAMPIONSHI"]
[Site "Nagpur,India"]
[Date "2008.09.29"]
[Round "2.51"]
[White "Girish, A  Koushik"]
[Black "Akshat, Khamparia"]
[Result "1/2-1/2"]
[WhiteElo "2108"]
[BlackElo "2305"]
[PlyCount "132"]
[EventDate "2008.09.28"]
[Source "MonRoi"]

1. d4 Nf6 2. Nf3 d6 3. c4 Nbd7 4. Nc3 e5 5. e4 Be7 6. Be2 O-O 7. O-O c6 8. Qc2
a6 9. Rd1 Qc7 10. Bg5 Re8 11. Rac1 Qb8 12. h3 b6 13. Rd2 Nf8 14. c5 dxc5 15.
dxe5 N6d7 16. Bf4 Qb7 17. Bg3 Ng6 18. Bc4 b5 19. Qb3 bxc4 20. Qxb7 Bxb7 21.
Rxd7 Bc8 22. Rc7 Be6 23. Rxc6 Reb8 24. Rc2 Rb7 25. Nd5 Rab8 26. Rxa6 Rxb2 27.
Rxc4 Bf8 28. Ng5 Rb1+ 29. Kh2 Ra1 30. Nxe6 fxe6 31. Rxe6 Rxa2 32. Rb6 Rxb6 33.
Nxb6 h5 34. h4 Kf7 35. Na4 Be7 36. Nxc5 Bxh4 37. Bxh4 Nxh4 38. Nd3 g5 39. Rc7+
Ke6 40. Rc6+ Ke7 41. g3 Nf3+ 42. Kg2 g4 43. Rc1 Rd2 44. Nf4 Nxe5 45. Rc5 Nf3
46. Kf1 Nh2+ 47. Kg2 Nf3 48. Kf1 Nh2+ 49. Kg2 Nf3 50. Ng6+ Kf6 51. Nh4 Ne5 52.
Ra5 Re2 53. Ra6+ Kf7 54. Kf1 Rxe4 55. Rh6 Nf3 56. Nxf3 gxf3 57. Rxh5 Kg6 58.
Rh4 Rxh4 59. gxh4 Kh5 60. Ke1 Kxh4 61. Kd2 Kg5 62. Ke3 Kf6 63. Kxf3 Kf5 64. Ke3
Ke5 65. f4+ Kf5 66. Kf3 Ke6 1/2-1/2

[Event "COMMONWEALTH CHESS CHAMPIONSHI"]
[Site "Nagpur,India"]
[Date "2008.09.29"]
[Round "2.52"]
[White "Nitin, S."]
[Black "Peiris, T G M."]
[Result "1-0"]
[WhiteElo "2303"]
[BlackElo "2091"]
[PlyCount "55"]
[EventDate "2008.09.28"]
[Source "MonRoi"]

1. e4 e5 2. Nf3 Nc6 3. Bb5 a6 4. Ba4 Nf6 5. O-O Be7 6. Re1 b5 7. Bb3 O-O 8. a4
Bb7 9. Nc3 Nd4 10. Ba2 b4 11. Nd5 Nxf3+ 12. Qxf3 Nxd5 13. exd5 d6 14. a5 Qd7
15. Bc4 c5 16. c3 bxc3 17. bxc3 f5 18. Qh3 Qc7 19. d3 f4 20. Rxe5 Bc8 21. Qh5
g6 22. Qe2 Bf6 23. Re8 Bxc3 24. Ra3 Be5 25. Rxe5 f3 26. Qe3 Qf7 27. Re7 Qf6 28.
Rb3 1-0

[Event "COMMONWEALTH CHESS CHAMPIONSHI"]
[Site "Nagpur,India"]
[Date "2008.09.29"]
[Round "2.53"]
[White "Purushothaman, T."]
[Black "Divyasri, Ch"]
[Result "1-0"]
[WhiteElo "2303"]
[BlackElo "2081"]
[PlyCount "57"]
[EventDate "2008.09.28"]
[Source "MonRoi"]

1. d4 Nf6 2. c4 e6 3. Bg5 h6 4. Bh4 b6 5. a3 Bb7 6. Nc3 Be7 7. Nf3 d5 8. Qa4+
c6 9. cxd5 exd5 10. e3 O-O 11. Bg3 c5 12. Rd1 c4 13. e4 dxe4 14. Ne5 e3 15.
fxe3 Nd5 16. Nxd5 Bxd5 17. Qc2 b5 18. e4 Bb7 19. Be2 Bh4 20. O-O Bxg3 21. hxg3
Qg5 22. Kh2 Qe7 23. a4 a6 24. Bh5 f6 25. Ng6 Qf7 26. e5 Rd8 27. exf6 gxf6 28.
Rde1 Nc6 29. Ne7+ 1-0

[Event "COMMONWEALTH CHESS CHAMPIONSHI"]
[Site "Nagpur,India"]
[Date "2008.09.29"]
[Round "2.54"]
[White "Ajith, M P."]
[Black "Joshi, G B."]
[Result "0-1"]
[WhiteElo "2104"]
[BlackElo "2302"]
[PlyCount "95"]
[EventDate "2008.09.28"]
[Source "MonRoi"]

1. d4 Nf6 2. Nf3 e6 3. g3 b5 4. Bg2 Bb7 5. O-O c5 6. c3 Be7 7. dxc5 Bxc5 8. Bg5
O-O 9. Nbd2 d5 10. Nd4 a6 11. a4 b4 12. N4b3 Be7 13. cxb4 Bxb4 14. e4 h6 15.
Bxf6 Qxf6 16. exd5 Bxd5 17. Bxd5 exd5 18. Qf3 Qxf3 19. Nxf3 Nd7 20. Rfd1 Nf6
21. Rac1 Rfe8 22. Nbd4 Rab8 23. Rc6 a5 24. b3 Ne4 25. Nb5 Nc5 26. Rxd5 Nxb3 27.
Ne5 Rbd8 28. Nd7 Nc5 29. Rdxc5 Rxd7 30. Rc2 Re1+ 31. Kg2 Ra1 32. Rc8+ Kh7 33.
Nc3 Bxc3 34. R2xc3 Rxa4 35. Ra8 Rd5 36. h4 h5 37. f4 Rb4 38. Ra3 Rbb5 39. Kf3
Kg6 40. g4 hxg4+ 41. Kxg4 f5+ 42. Kf3 Rb4 43. R8xa5 Rdd4 44. Ra6+ Kh5 45. R3a5
Rxf4+ 46. Kg3 Rg4+ 47. Kf3 g6 48. Ra7 0-1

[Event "COMMONWEALTH CHESS CHAMPIONSHI"]
[Site "Nagpur,India"]
[Date "2008.09.29"]
[Round "2.55"]
[White "Praveen Kumar, C."]
[Black "Dharani Sree R"]
[Result "1-0"]
[WhiteElo "2302"]
[BlackElo "1745"]
[PlyCount "93"]
[EventDate "2008.09.28"]
[Source "MonRoi"]

1. d4 Nf6 2. c4 g6 3. Nc3 d5 4. h4 Bg7 5. h5 Nxh5 6. cxd5 c6 7. e4 cxd5 8. e5
f5 9. Be2 Be6 10. Bxh5 gxh5 11. Qxh5+ Bf7 12. Qxf5 e6 13. Qd3 Bg6 14. Qb5+ Qd7
15. Qxd7+ Kxd7 16. Nge2 Nc6 17. a3 a6 18. Na4 Rae8 19. b4 Bc2 20. Nc5+ Kc7 21.
Bh6 Bxh6 22. Rxh6 Bg6 23. Rc1 Rhg8 24. Nf4 Re7 25. Kd2 Kb8 26. Ke3 Nd8 27. g3
Ka7 28. Nxg6 hxg6 29. Rch1 b6 30. Nd3 Ree8 31. Rh7+ Kb8 32. a4 Nb7 33. a5 b5
34. Nc5 Nxc5 35. dxc5 g5 36. Rf7 Rd8 37. Rhh7 d4+ 38. Kd3 Rgf8 39. Rb7+ Ka8 40.
Ra7+ Kb8 41. Rhb7+ Kc8 42. c6 Rf3+ 43. Ke2 d3+ 44. Kxf3 Rf8+ 45. Ke3 Rf3+ 46.
Kxf3 d2 47. Ra8# 1-0

[Event "COMMONWEALTH CHESS CHAMPIONSHI"]
[Site "Nagpur,India"]
[Date "2008.09.29"]
[Round "2.56"]
[White "Navalgund, Niranjan"]
[Black "Singh, D P."]
[Result "0-1"]
[WhiteElo "2091"]
[BlackElo "2299"]
[PlyCount "80"]
[EventDate "2008.09.28"]
[Source "MonRoi"]

1. d4 Nf6 2. Nf3 c5 3. g3 b6 4. Bg2 Bb7 5. c4 cxd4 6. Qxd4 g6 7. Nc3 Bg7 8. O-O
d6 9. Qh4 h6 10. Rd1 Nbd7 11. Nd5 Rc8 12. Nd2 Ne5 13. Qh3 Nxd5 14. cxd5 Rc5 15.
Qh4 Bxd5 16. Ne4 Ra5 17. Bd2 g5 18. Qh5 Be6 19. h3 Rb5 20. f4 Nc4 21. Bc3 Kf8
22. a4 Rf5 23. g4 Rxf4 24. Nxg5 Qc8 25. Kh1 Bxc3 26. bxc3 Ne3 27. Rd3 Nxg2 28.
Kxg2 Bxg4 29. hxg4 Qxg4+ 30. Qxg4 Rxg4+ 31. Rg3 Rxg3+ 32. Kxg3 hxg5 33. a5 Kg7
34. axb6 axb6 35. Ra7 Kf6 36. Rb7 Rc8 37. Rxb6 Rxc3+ 38. Kg4 Re3 39. Rb5 Rxe2
40. Rxg5 Ke6 0-1

[Event "COMMONWEALTH CHESS CHAMPIONSHI"]
[Site "Nagpur,India"]
[Date "2008.09.29"]
[Round "2.57"]
[White "Karavade, Eesha"]
[Black "Monnisha G K"]
[Result "1-0"]
[WhiteElo "2297"]
[BlackElo "1741"]
[PlyCount "87"]
[EventDate "2008.09.28"]
[Source "MonRoi"]

1. d4 Nf6 2. c4 e6 3. Nf3 b6 4. g3 Bb7 5. Bg2 Be7 6. Nc3 Ne4 7. Bd2 f5 8. Qc2
Bf6 9. Rd1 Nxd2 10. Rxd2 Qe7 11. O-O O-O 12. a3 c5 13. e4 d6 14. e5 dxe5 15.
dxe5 Bg5 16. Nxg5 Bxg2 17. Kxg2 Qxg5 18. Rd6 f4 19. Qe4 Na6 20. Rxe6 Qg4 21.
Rc6 f3+ 22. Kh1 Qh3 23. Rg1 Rad8 24. Nd5 Kh8 25. Nf4 Qf5 26. Qxf5 Rxf5 27. Rd6
Re8 28. Re1 g5 29. Re6 Rd8 30. Nd5 Nb8 31. g4 Rf7 32. Rf6 Rg7 33. Rxf3 Nc6 34.
Rf6 Nd4 35. e6 Kg8 36. e7 Re8 37. Re5 a5 38. Rxb6 Kh8 39. Rf6 Rgg8 40. Nc7 Rc8
41. e8=Q Rgxe8 42. Nxe8 Kg8 43. Rxg5+ Kh8 44. Rf8# 1-0

[Event "COMMONWEALTH CHESS CHAMPIONSHI"]
[Site "Nagpur,India"]
[Date "2008.09.29"]
[Round "2.58"]
[White "Mehta, Praful"]
[Black "Priyadharshan, K."]
[Result "1/2-1/2"]
[WhiteElo "2084"]
[BlackElo "2297"]
[PlyCount "125"]
[EventDate "2008.09.28"]
[Source "MonRoi"]

1. e4 c5 2. Nf3 Nc6 3. d4 cxd4 4. Nxd4 Qb6 5. Nb5 a6 6. Be3 Qd8 7. N5c3 e6 8.
a4 Nf6 9. a5 Bb4 10. Bb6 Qe7 11. Be2 Nxe4 12. O-O Bxc3 13. Nxc3 Nxc3 14. bxc3
d5 15. f4 O-O 16. Bd3 Bd7 17. f5 exf5 18. Bxf5 Be6 19. Bd3 Rfe8 20. Ra4 Qg5 21.
Raf4 Rac8 22. h4 Qe5 23. Bd4 Nxd4 24. cxd4 Qd6 25. Qh5 g6 26. Qh6 Qf8 27. Qg5
Qg7 28. Rf6 Rc6 29. Qf4 Bf5 30. Rxc6 Bxd3 31. Rc7 Bxf1 32. Kxf1 h5 33. c3 Re4
34. Qg5 Rg4 35. Qe7 Rf4+ 36. Kg1 Rf5 37. Rxb7 Qh6 38. Qe1 Qf4 39. Rb6 Rf6 40.
g3 Qf5 41. Rb8+ Kg7 42. Rb6 Re6 43. Rxe6 Qxe6 44. Qd2 Kf6 45. Kh2 Ke7 46. Qb2
Qc6 47. Qb4+ Kd7 48. Kg2 Qe6 49. Qb7+ Ke8 50. Qb2 Kd7 51. Qd2 Qe4+ 52. Kf2 Qf5+
53. Kg2 Qe4+ 54. Kf2 Qf5+ 55. Kg2 Ke7 56. Qb2 Qe6 57. Kf2 Qf5+ 58. Kg2 Qe6 59.
Qb7+ Ke8 60. Qb8+ Ke7 61. Qc7+ Kf6 62. Qf4+ Kg7 63. Kf2 1/2-1/2

[Event "COMMONWEALTH CHESS CHAMPIONSHI"]
[Site "Nagpur,India"]
[Date "2008.09.29"]
[Round "2.59"]
[White "Rahman, Syed Mahfuzur"]
[Black "Harshal, Shahi"]
[Result "0-1"]
[WhiteElo "2297"]
[BlackElo "1706"]
[PlyCount "70"]
[EventDate "2008.09.28"]
[Source "MonRoi"]

1. e4 c5 2. Nf3 Nc6 3. d4 cxd4 4. Nxd4 Nf6 5. Nc3 e5 6. Ndb5 d6 7. Bg5 a6 8.
Na3 b5 9. Nd5 Be7 10. Bxf6 Bxf6 11. c3 Bg5 12. Nc2 O-O 13. a4 bxa4 14. Rxa4 a5
15. Bc4 Rb8 16. b3 Kh8 17. O-O f5 18. exf5 Bxf5 19. Nce3 Bg6 20. f3 Qd7 21. Qe2
Qa7 22. Kh1 Bh5 23. Qf2 Bf7 24. Ng4 Qxf2 25. Nxf2 Bxd5 26. Bxd5 Ne7 27. Rxa5
Nxd5 28. Rxd5 Rxb3 29. Ne4 Be7 30. c4 Rb4 31. Rc1 h6 32. Nxd6 Bxd6 33. Rxd6 Rc8
34. Re6 Rcxc4 35. Rxc4 Rb1+ 0-1

[Event "COMMONWEALTH CHESS CHAMPIONSHI"]
[Site "Nagpur,India"]
[Date "2008.09.29"]
[Round "2.60"]
[White "Vaibhav, Suri"]
[Black "Debashis, Das"]
[Result "1/2-1/2"]
[WhiteElo "2081"]
[BlackElo "2294"]
[PlyCount "97"]
[EventDate "2008.09.28"]
[Source "MonRoi"]

1. e4 c5 2. Nf3 d6 3. d4 cxd4 4. Nxd4 Nf6 5. Nc3 a6 6. Bc4 e6 7. Bb3 Be7 8. g4
h6 9. Be3 Nc6 10. Rg1 Bd7 11. Qe2 Na5 12. f4 b5 13. g5 hxg5 14. fxg5 Nh5 15. g6
Bh4+ 16. Kd2 b4 17. gxf7+ Kxf7 18. Raf1+ Bf6 19. Nd1 Rc8 20. Nf2 Nxb3+ 21. axb3
e5 22. Nf3 Qc7 23. Kd1 Bb5 24. Nd3 d5 25. Ng5+ Ke7 26. exd5 Qd7 27. Qd2 Qxd5
28. Qxb4+ Ke8 29. Qe4 Qxe4 30. Nxe4 Ke7 31. c4 Bc6 32. Nc3 Rcd8 33. Kc2 a5 34.
Bc5+ Ke6 35. Bb6 Rxd3 36. Kxd3 Nf4+ 37. Kc2 Rxh2+ 38. Kb1 Nd3 39. Nd1 e4 40.
Bxa5 e3 41. Rxf6+ gxf6 42. Nxe3 Rxb2+ 43. Ka1 Rxb3 44. Nc2 Ke5 45. Bc7+ Ke4 46.
Rg4+ Kf5 47. Rg3 Rb7 48. Ka2 Rb2+ 49. Ka1 1/2-1/2

[Event "COMMONWEALTH CHESS CHAMPIONSHI"]
[Site "Nagpur,India"]
[Date "2008.09.29"]
[Round "2.64"]
[White "Lobo, Richard A"]
[Black "Phadke, Sohan"]
[Result "0-1"]
[WhiteElo "1979"]
[BlackElo "2283"]
[PlyCount "86"]
[EventDate "2008.09.28"]
[Source "MonRoi"]

1. e4 c5 2. Nf3 Nc6 3. d4 cxd4 4. Nxd4 Nf6 5. Nc3 e5 6. Ndb5 d6 7. Bg5 a6 8.
Na3 b5 9. Nd5 Be7 10. Bxf6 Bxf6 11. c3 Bb7 12. Nc2 Ne7 13. Nxf6+ gxf6 14. Qg4
Rg8 15. Qe2 d5 16. O-O-O Qb6 17. f4 dxe4 18. fxe5 fxe5 19. g3 f5 20. Bg2 Bd5
21. Ne3 O-O-O 22. Rhf1 Be6 23. Kb1 Rxd1+ 24. Nxd1 Bc4 25. Qf2 Qxf2 26. Rxf2 Rd8
27. Ne3 Rd3 28. Nxf5 Nxf5 29. Rxf5 e3 30. Bf3 Rd2 31. Rxe5 e2 32. Bg4+ Kc7 33.
Bxe2 Rxe2 34. Rxe2 Bxe2 35. Kc2 Kd6 36. Kd2 Bg4 37. Kd3 Kc5 38. b3 a5 39. a3
Bf5+ 40. Kd2 a4 41. bxa4 bxa4 42. Kc1 Kc4 43. Kb2 h5 0-1

[Event "COMMONWEALTH CHESS CHAMPIONSHI"]
[Site "Nagpur,India"]
[Date "2008.09.29"]
[Round "2.65"]
[White "Ulhas, Vaidya"]
[Black "Joshi, Pankaj"]
[Result "0-1"]
[WhiteElo "1867"]
[BlackElo "2281"]
[PlyCount "86"]
[EventDate "2008.09.28"]
[Source "MonRoi"]

1. e4 c5 2. Nf3 d6 3. c3 Nf6 4. Be2 Bd7 5. e5 dxe5 6. Nxe5 Nc6 7. d4 cxd4 8.
cxd4 Nxe5 9. dxe5 Qa5+ 10. Nc3 Qxe5 11. O-O e6 12. g3 Bb4 13. Bf4 Qa5 14. Bf3
Bc6 15. Bxc6+ bxc6 16. Qf3 Rc8 17. Ne4 Be7 18. Rfc1 O-O 19. Nd6 Bxd6 20. Bxd6
Rfd8 21. Rxc6 Rxc6 22. Qxc6 Qf5 23. Qc7 Re8 24. Qc6 h5 25. Re1 e5 26. f3 Rc8
27. Qb7 Rc2 28. Qb3 Rd2 29. Rd1 Ne4 30. Bb4 Rxd1+ 31. Qxd1 Ng5 32. Kg2 e4 33.
f4 Qh3+ 34. Kh1 Nf3 35. Qe2 h4 36. gxh4 Qg4 37. Bc5 Qxf4 38. Be3 Qc7 39. Bd2
Qc2 40. Qb5 Qd1+ 41. Kg2 Qxd2+ 42. Kg3 Qxh2+ 43. Kg4 Qxh4+ 0-1

[Event "COMMONWEALTH CHESS CHAMPIONSHI"]
[Site "Nagpur,India"]
[Date "2008.09.29"]
[Round "2.66"]
[White "Eshwanth Dev Kumar J"]
[Black "Laxman, R R."]
[Result "0-1"]
[WhiteElo "1826"]
[BlackElo "2498"]
[PlyCount "84"]
[EventDate "2008.09.28"]
[Source "MonRoi"]

1. e4 Nf6 2. e5 Nd5 3. d4 d6 4. c4 Nb6 5. exd6 cxd6 6. Be3 g6 7. Nf3 Bg7 8. Bd3
Nc6 9. Nbd2 O-O 10. Qb3 e5 11. d5 Ne7 12. Ng1 Nf5 13. Bxb6 axb6 14. Ne2 Nh6 15.
f3 f5 16. a3 Re8 17. O-O-O Bd7 18. Nc3 Qc7 19. h3 Qc5 20. Qc2 Rec8 21. Kb1 Qf2
22. g4 b5 23. cxb5 e4 24. fxe4 fxg4 25. hxg4 Nxg4 26. Nc4 Qxc2+ 27. Kxc2 Bxc3
28. bxc3 Bxb5 29. Nxd6 Bxd3+ 30. Rxd3 Rf8 31. Rg3 Ne5 32. c4 Rf2+ 33. Kb3 b6
34. Nf5 Nd7 35. Ne7+ Kf8 36. Nxg6+ hxg6 37. Rh8+ Kg7 38. Rxa8 Nc5+ 39. Kb4 Rb2+
40. Kc3 Rb3+ 41. Kd4 Rxg3 42. Rb8 Rd3+ 0-1

[Event "COMMONWEALTH CHESS CHAMPIONSHI"]
[Site "Nagpur,India"]
[Date "2008.09.29"]
[Round "2.67"]
[White "Barua, Dibyendu"]
[Black "Ranasinghe, S D."]
[Result "1-0"]
[WhiteElo "2497"]
[BlackElo "1796"]
[PlyCount "55"]
[EventDate "2008.09.28"]
[Source "MonRoi"]

1. e4 c5 2. Nf3 Nc6 3. d4 cxd4 4. Nxd4 a6 5. c4 Nf6 6. Nc3 g6 7. Be2 Bg7 8. Be3
d6 9. O-O O-O 10. Rc1 Ne8 11. Nd5 Rb8 12. b3 Nc7 13. Nc2 e6 14. Nb6 Ne7 15. Qd2
Ne8 16. c5 Nc6 17. Rfd1 f5 18. exf5 exf5 19. cxd6 Be6 20. d7 Nf6 21. Qd6 Bf7
22. Bf3 Ne4 23. Bxe4 fxe4 24. Nb4 Be5 25. Nxc6 Bxd6 26. Nxd8 Bxh2+ 27. Kxh2
Rbxd8 28. Bg5 1-0

[Event "COMMONWEALTH CHESS CHAMPIONSHI"]
[Site "Nagpur,India"]
[Date "2008.09.29"]
[Round "2.69"]
[White "Grover, Sahaj"]
[Black "Mohana, Priya J"]
[Result "1-0"]
[WhiteElo "2306"]
[BlackElo "2048"]
[PlyCount "67"]
[EventDate "2008.09.28"]
[Source "MonRoi"]

1. e4 e5 2. Nf3 Nc6 3. Bb5 a6 4. Ba4 Nf6 5. Qe2 b5 6. Bb3 Bc5 7. d3 h6 8. Nbd2
d6 9. c3 O-O 10. Nf1 Ba7 11. Ng3 d5 12. O-O d4 13. h3 dxc3 14. bxc3 b4 15. Ba4
Bd7 16. Bxc6 Bxc6 17. Nxe5 Bb5 18. c4 Qd6 19. Bf4 g5 20. Nf5 Qe6 21. Nxh6+ Kh7
22. Bxg5 Qxe5 23. Bxf6 Qxf6 24. Ng4 Qf4 25. cxb5 axb5 26. e5 Kg6 27. Qc2 Bd4
28. Rae1 c5 29. Re4 Qf5 30. Qd2 Rh8 31. Rf4 Qh5 32. Rf6+ Kg7 33. Qf4 Rxa2 34.
Rf5 1-0

[Event "COMMONWEALTH CHESS CHAMPIONSHI"]
[Site "Nagpur,India"]
[Date "2008.09.29"]
[Round "2.72"]
[White "Gagare, Shardul"]
[Black "Kamath, Shreyas M"]
[Result "1-0"]
[WhiteElo "2070"]
[BlackElo "1729"]
[PlyCount "67"]
[EventDate "2008.09.28"]
[Source "MonRoi"]

1. Nf3 Nf6 2. g3 d5 3. Bg2 c5 4. O-O Nc6 5. d3 e5 6. e4 d4 7. Nbd2 Qc7 8. a4
Be7 9. Nc4 O-O 10. Nfd2 Ne8 11. f4 f6 12. f5 Nd6 13. b3 Bd7 14. h4 Nf7 15. Nf3
Qd8 16. g4 h6 17. Bd2 Kh7 18. Kf2 g5 19. Rh1 Kg7 20. Nh2 Rh8 21. Nf1 Qg8 22.
Ng3 Kf8 23. Qe2 Be8 24. Rh2 Nd6 25. Rah1 Nxc4 26. bxc4 Qg7 27. Qf3 Kg8 28. hxg5
fxg5 29. f6 Bxf6 30. Nf5 Qf8 31. Nxh6+ Kg7 32. Nf5+ Kg8 33. Rxh8+ Bxh8 34. Qh3
1-0

[Event "COMMONWEALTH CHESS CHAMPIONSHI"]
[Site "Nagpur,India"]
[Date "2008.09.29"]
[Round "2.73"]
[White "Naresh Kantode"]
[Black "Harini, S."]
[Result "0-1"]
[WhiteElo "1718"]
[BlackElo "2070"]
[PlyCount "78"]
[EventDate "2008.09.28"]
[Source "MonRoi"]

1. e4 c5 2. Nf3 d6 3. d4 cxd4 4. Nxd4 Nf6 5. Nc3 e6 6. g4 h6 7. h4 Nc6 8. g5
hxg5 9. Bxg5 Be7 10. Qd2 a6 11. O-O-O Qc7 12. Kb1 Bd7 13. f4 O-O-O 14. Bc4 Kb8
15. Bb3 Na5 16. Rhe1 Bc6 17. Nxc6+ Qxc6 18. f5 Nxb3 19. axb3 d5 20. exd5 Nxd5
21. Nxd5 Rxd5 22. Qe2 Bxg5 23. hxg5 exf5 24. Qe7 Rxd1+ 25. Rxd1 Qe6 26. Qb4 Rc8
27. Re1 Qd5 28. Qf4+ Ka8 29. Rf1 g6 30. Re1 Qc6 31. Qd2 f6 32. gxf6 Qxf6 33.
Rg1 f4 34. c4 g5 35. Qd7 Rf8 36. Ka2 f3 37. Qg4 f2 38. Rf1 Qf4 39. Qg2 g4 0-1

[Event "COMMONWEALTH CHESS CHAMPIONSHI"]
[Site "Nagpur,India"]
[Date "2008.09.29"]
[Round "2.74"]
[White "Anuprita, Patil"]
[Black "Meghna, C H."]
[Result "1-0"]
[WhiteElo "2068"]
[BlackElo "1729"]
[PlyCount "139"]
[EventDate "2008.09.28"]
[Source "MonRoi"]

1. Nf3 d5 2. d4 Nf6 3. g3 Bf5 4. Bg2 e6 5. O-O c6 6. Nbd2 Nbd7 7. c4 Be7 8. b3
O-O 9. Nh4 Bg6 10. Nxg6 hxg6 11. Bb2 Re8 12. c5 b6 13. cxb6 axb6 14. e4 dxe4
15. Nxe4 Nd5 16. Qe2 N7f6 17. Rfc1 Qd7 18. Nd2 b5 19. a3 Rac8 20. b4 Bd6 21.
Rc2 Rc7 22. Rac1 Rec8 23. f4 Qe7 24. Nb3 Kf8 25. Na5 Qd7 26. Bf3 Kg8 27. Kh1
Be7 28. Rb1 Re8 29. Bc1 Qd6 30. Bd2 Rec8 31. Rbc1 Qd7 32. Qd3 Bd6 33. Qb3 Be7
34. Be1 Qd6 35. Bf2 Qd7 36. Qd3 Kf8 37. Qd2 Kg8 38. Kg2 Qd6 39. h3 Qd7 40. g4
Bd6 41. Bg3 Kh7 42. Rf1 Ra8 43. Qc1 Rac8 44. Kh2 Kg8 45. Bg2 Kh8 46. Qe1 Re8
47. Qf2 Ra8 48. Rfc1 Rac8 49. Qf3 Kh7 50. Bf1 Kh8 51. Bd3 Kg8 52. Kg2 Kh8 53.
Rh1 Kg8 54. Be2 Qe8 55. Qf2 Qd7 56. Bd3 Kf8 57. Qf3 Kg8 58. h4 Qe8 59. h5 gxh5
60. gxh5 Bf8 61. Rhc1 Bd6 62. Rh1 Bf8 63. f5 Ra7 64. Be5 Be7 65. h6 gxh6 66.
Qg3+ Kf8 67. Rxh6 Bd8 68. Bd6+ Ne7 69. Rh8+ Nfg8 70. Qxg8# 1-0

[Event "COMMONWEALTH CHESS CHAMPIONSHI"]
[Site "Nagpur,India"]
[Date "2008.09.29"]
[Round "2.75"]
[White "Ashwini U"]
[Black "Raghavi, N."]
[Result "1/2-1/2"]
[WhiteElo "1693"]
[BlackElo "2064"]
[PlyCount "68"]
[EventDate "2008.09.28"]
[Source "MonRoi"]

1. e4 c5 2. c3 d5 3. exd5 Qxd5 4. d4 Nf6 5. Nf3 Bg4 6. Be2 e6 7. h3 Bh5 8. O-O
Be7 9. Be3 cxd4 10. cxd4 Nc6 11. Nc3 Qd6 12. Qb3 Qb4 13. g4 Bg6 14. Ne5 O-O 15.
g5 Qxb3 16. axb3 Nd5 17. Nxd5 exd5 18. Nxc6 bxc6 19. Rfc1 Rfc8 20. Bg4 Rcb8 21.
Rxc6 Rxb3 22. Rc7 Kf8 23. Raxa7 Rxa7 24. Rxa7 Bd6 25. Rd7 Rb6 26. Bd2 Ke8 27.
Ba5 Ra6 28. Rd8+ Ke7 29. Rd7+ Ke8 30. Rd8+ Ke7 31. Rd7+ Ke8 32. Rd8+ Ke7 33.
Rd7+ Ke8 34. Rd8+ Ke7 1/2-1/2

[Event "COMMONWEALTH CHESS CHAMPIONSHI"]
[Site "Nagpur,India"]
[Date "2008.09.29"]
[Round "2.76"]
[White "Suraj, M."]
[Black "Raghav, srivathsav V"]
[Result "1-0"]
[WhiteElo "2058"]
[BlackElo "1686"]
[PlyCount "105"]
[EventDate "2008.09.28"]
[Source "MonRoi"]

1. e4 e6 2. d4 d5 3. Nd2 c5 4. exd5 exd5 5. Ngf3 cxd4 6. Nxd4 Nf6 7. Be2 a6 8.
O-O Nc6 9. N2b3 Be7 10. Bf4 O-O 11. c3 Re8 12. h3 h6 13. Bf3 Nxd4 14. Nxd4 Bc5
15. Nb3 Ba7 16. Qd3 Be6 17. Rad1 Qd7 18. Nd4 Bxd4 19. Qxd4 Qe7 20. Be5 Rad8 21.
Bxf6 Qxf6 22. Qxf6 gxf6 23. Rd4 Rd6 24. c4 Red8 25. cxd5 Bf5 26. Rc1 b5 27. Kh2
Kg7 28. Kg3 Rc8 29. Rxc8 Bxc8 30. b4 Bb7 31. Kf4 Kf8 32. Kf5 Bc8+ 33. Ke4 Ke7
34. Rd3 f5+ 35. Kd4 f4 36. Ke5 f6+ 37. Kxf4 Kd8 38. Bg4 Bxg4 39. hxg4 Ke7 40.
Kf5 Kf7 41. f4 Kg7 42. Ke4 Kg6 43. Rc3 Kf7 44. Rc6 Ke7 45. Rxd6 Kxd6 46. Kd4
Kc7 47. Kc5 Kd7 48. d6 Kd8 49. Kd5 Kd7 50. a3 Kd8 51. Ke6 Ke8 52. Kxf6 Kd7 53.
Ke5 1-0